000 00220nam a22000857a 4500
008 http://192.168.0.72:8001/cgi-bin/koha/ca
100 _91771
_aKumar.p
245 _aHand book of Mathematics
260 _aNew Delhi
_bN.D P.P.C
_c2011
999 _c4479
_d4479